01693nab a22003017a 450000500170000000800410001704000250005804100080008304400070009111000550009824500790015326000810023230000420031350400280035550502780038352002820066165000320094365000470097565000290102265000300105170000410108170000370112270000370115970000360119677301260123294200160135899900170137420150806112125.0150806b1979 ck |||||r|||| 00| 0 spa d aCO-BoIAVHcCO-BoIAVH0 aspa ack1 aUniversidad del Tolimab, Grupo ecológico9366541 aLagunas, Ciénagas y playones / cEmilio Echeverri de la Roche... [et al]3 aIbagué (Colombia):bCentro de publicaciones Universidad del Tolima,c1979. aVol.3, Nro. 27, Año 1979, Pag. 1-2. aIncluye bibliografía. aEn la ciénaga Marañal [Boyacá]: una desecación criminal. La laguna de Sonso [Valle del Cauca]: Muere por sedimentación. En la ciénaga de Martiníca [Córdoba]: los propietarios sacrifican a la comunidad. Si muere la Ciénaga de Zapatosa... Muere Barranquilla aEl innegable y conocido el papel de los lagos, ciénagas, pantanos y playones en la regularización del volumen de aguas de los ríos, en la estabilización del clima, en las comunicaciones, en riqueza ícita, como zoocriaderos naturales y como retenedores de sedimientos. 6aCiénagaszColombia936655 6aEcología de ciénagas.zColombia936656 6aLagunaszColombia936657 4aPlayoneszColombia9366581 aEcheverry De La Roche, Emilio9366591 aGranados Díaz, Humberto9366601 aRamírez Cuervo, Libardo9366611 aSánchez M., Vicente A.9366620 aUniversidad del TolimadIbagué (Colombia): Centro de publicaciones de la Universidad del Tolima, 1977.tSOS ecológico 2zcARTICULO c17652d17652